000 00610nam a2200193Ia 4500
999 _c5573
_d5573
008 200103s 2006 ||||xx |||||||||||||| ||und||
020 _a9780750665551
082 _a623.8881
_bHOU
100 _aHouse, David J.
245 0 _aCargo work for maritime operations
250 _a7th
260 _bButterworth-Heinemann is an imprint of Elsevier
_c2006
_aUSA
300 _axx, 323p.
504 _a"includes Appendix and Index".
650 _aStowage properties of general cargoes
650 _aRoll-on, Roll-off operations
650 _aSecurity, cargo documentation, stability examples
942 _cBK